| 000 | 00777cam a2200217 a 4500 | ||
|---|---|---|---|
| 001 | 000019235 | ||
| 005 | 20200929165946.0 | ||
| 008 | 750417s1974 xxcb rb 000 0 eng d | ||
| 020 | _a0802062334 | ||
| 040 |
_aDO-SdBNP _bspa _cBNPHU |
||
| 082 |
_axxxx _bxxxx |
||
| 245 | 0 | 0 |
_aBy great waters : _ba Newfoundland and labrador anthology / _cedición y introducción Peter Neary y Patrick O'Flaherty. |
| 260 |
_aToronto, Canada : _bUniversity of Toronto, _c1974. |
||
| 300 |
_axi, 262 p. : _bmapas, ; _c22 cm. |
||
| 490 | 1 |
_aThe social history of Canada. _v21 |
|
| 504 | _aBibliografía : p. 254-262. | ||
| 590 | _aInventariado, 2019/BT | ||
| 700 | 1 |
_aNeary, Peter, _eed. _941388 |
|
| 700 | 1 |
_aO'Flaherty, Patrick, _eed. _941389 |
|
| 830 | 0 |
_aThe social history of Canada. _n21 _941390 |
|
| 999 |
_c18753 _d18753 |
||